| 000 | 00779nam a2200253 a 4500 | ||
|---|---|---|---|
| 001 | 3328 | ||
| 003 | BD-RjUL | ||
| 005 | 20211208233719.0 | ||
| 008 | 131218s1970 rur 000 0 eng d | ||
| 035 | _a(BD-RjUL)3362 | ||
| 035 | _a(BD-RjUL) | ||
| 040 |
_aANL _beng _cANL _dBD-RjUL |
||
| 041 | _aeng | ||
| 082 | 0 | 4 |
_a335.4309 _bLEL |
| 100 | 1 |
_aLenin, Vladimir Ilich, _d1870-1924. _910475 |
|
| 245 | 1 | 0 |
_a"Left-wing" communism, an infantile disorder / _cV. L. Lenin. |
| 250 | _a[6th. ed.]. | ||
| 260 |
_aMoscow : _bProgress, _c1970. |
||
| 300 |
_a174, [1] p. ; _c17 cm. |
||
| 500 | _aTranslation of Detskaia bolezn "levizny" v kommunizme (romanized: Detskaia bolezn' "levizny" v kommunizme). | ||
| 650 | 0 |
_aCommunism _xHistory. _96330 |
|
| 942 |
_2ddc _cBK _01 |
||
| 999 |
_c3328 _d3328 |
||